О "контуженной державе" и мирных ядерных взрывах; Нефть России; № 8

Бібліографічні деталі
Parent link:Нефть России: аналитический журнал.— , 1996, 1999-2012
№ 8.— 2003.— С. 66-74
Автор: Мясников К.
Інші автори: Приходько Н.
Мова:Російська
Опубліковано: 2003
Серія:Экология
Предмети:
Формат: MixedMaterials Частина з книги
KOHA link:https://koha.lib.tpu.ru/cgi-bin/koha/opac-detail.pl?biblionumber=387852

MARC

LEADER 00000naa2a2200000 4500
001 387852
005 20231101063648.0
035 |a (RuTPU)RU\TPU\prd\18118 
090 |a 387852 
100 |a 20031007a2003 k y0rusy50 ca 
101 0 |a rus 
102 |a RU 
200 1 |a О "контуженной державе" и мирных ядерных взрывах  |f К. Мясников, Н. Приходько 
225 1 |a Экология 
320 |a Библиогр.: 9 назв. 
461 1 |0 (RuTPU)RU\TPU\prd\1610  |t Нефть России  |o аналитический журнал  |d 1996, 1999-2012 
463 1 |0 (RuTPU)RU\TPU\prd\17844  |t № 8  |v С. 66-74  |d 2003 
610 1 |a промышленные ядерные взрывы 
610 1 |a последствия 
610 1 |a ученые 
610 1 |a экология 
700 1 |a Мясников  |b К. 
701 1 |a Приходько  |b Н. 
801 1 |a RU  |b 63413507  |c 20031007  |g PSBO 
801 2 |a RU  |b 63413507  |c 20130802  |g RCR 
942 |c BK